ბათუმის შოთა რუსთაველის სახელმწიფო უნივერსიტეტის ბიბლიოთეკა

ბავშვებისთვის წასაკითხი წიგნი / (ბიბ.ჩანაწერი № 62968)

000 -ლიდერი
ფიქსირებული სიგრძის საკონტროლო ველი 01184nam a22002177a 4500
003 - საკონტროლო ნომრის იდენტიფიკატორი
საკონტროლო ველი Ge_BSU
005 - ბოლო ოპერაციის თარიღი და დრო
საკონტროლო ველი 20250416103150.0
008 - ფიქსირებული სიგრძის მონაცემთა ელემენტები - ზოგადი ინფორმაცია
ფიქსირებული სიგრძის საკონტროლო ველი 250416s2021 ge ||||| |||| 00| 0 geo d
020 ## - წიგნის საერთაშორისო სტანდარტული ნომერი
International Standard Book Number 9789941329890
041 ## - ენის კოდი
Language code of text/sound track or separate title geo
080 ## - უნივერსალური ათობითი კლასიფიკაციის ინდექსი
Universal Decimal Classification number 82-93:821.353.1-32(084.1) ტ-92
100 ## - მთავარი ჩანაწერი - პიროვნების სახელი
Personal name ტურაშვილი, დათო
9 (RLIN) 1369
245 ## - ცნობა სათაურის შესახებ
Title ბავშვებისთვის წასაკითხი წიგნი /
Statement of responsibility, etc დათო ტურაშვილი; რედაქტორი თამარ ჟურული; მხატვარი ირინა ცინცაძე; დიზაინერი სალომე საბანაძე.
264 ## - წარმოების, გამოცემის, დისტრიბუციის და სხვა ცნობები
გამოცემის, წარმოების, დისტრიბუციის... ადგილი თბილისი :
გამოცემის, წარმოების, დისტრიბუციის... სახელწოდება პალიტრა L,
გამოცემის, წარმოების, დისტრიბუციის... თარიღი 2021.
300 ## - ფიზიკური აღწერა
Extent 68 გვ. :
Other physical details ილ. ;
Dimensions 23 სმ.
653 ## - INDEX TERM--UNCONTROLLED
Uncontrolled term ქართული საბავშვო პროზა
700 ## - ADDED ENTRY--PERSONAL NAME
Personal name ჟურული, თამარ
Relator term რედაქტორი
9 (RLIN) 24821
700 ## - ADDED ENTRY--PERSONAL NAME
Personal name ცინცაძე, ირინა
Relator term მხატვარი
9 (RLIN) 24822
700 ## - ADDED ENTRY--PERSONAL NAME
Personal name საბანაძე, სალომე
Relator term დიზაინერი
9 (RLIN) 22097
942 ## - ADDED ENTRY ELEMENTS (KOHA)
Source of classification or shelving scheme
Koha item type წიგნი
ეგზემპლარები
ჩამოწერის სტატუსი დაკარგული ეგზემპლარის სტატუსი კლასიფიკაციის წყარო ან თაროზე გაწყობის სქემა დაზიანების სტატუსი არ გაიცემა მუდმივი მდებარეობა (დაცვის ადგილი) ამჟამინდელი ადგილსამყოფელი თაროზე განთავსების ადგილი შეძენის თარიღი ღირებულება, შესყიდვის ნორმალური ფასი სრული შენახვის შიფრი შტრიხკოდი ბოლო ოპერაციის თარიღი ეგზემპლარის მიმდევრობითი ნომერი (კეტერი?) Uniform Resource Identifier ფასის ძალაში შესვლის თარიღი ეგზემპლარის სახეობა საჯარო შენიშვნა
          ბათუმის შოთა რუსთაველის სახელმწიფო უნივერსიტეტის მთავარი ბიბლიოთეკა ბათუმის შოთა რუსთაველის სახელმწიფო უნივერსიტეტის მთავარი ბიბლიოთეკა წიგნსაცავი 2025-04-16 16.00 82-93:821.353.1-32(084.1) ტ-92 71147 2025-04-16 71147 ნაჩუქარი 2025-04-16 წიგნი 16 ლ.
          ბათუმის შოთა რუსთაველის სახელმწიფო უნივერსიტეტის მთავარი ბიბლიოთეკა ბათუმის შოთა რუსთაველის სახელმწიფო უნივერსიტეტის მთავარი ბიბლიოთეკა წიგნსაცავი 2025-04-16 16.00 82-93:821.353.1-32(084.1) ტ-92 71148 2025-04-16 71148 ნაჩუქარი 2025-04-16 წიგნი 16 ლ.
          ბათუმის შოთა რუსთაველის სახელმწიფო უნივერსიტეტის მთავარი ბიბლიოთეკა ბათუმის შოთა რუსთაველის სახელმწიფო უნივერსიტეტის მთავარი ბიბლიოთეკა წიგნსაცავი 2025-04-16 16.00 82-93:821.353.1-32(084.1) ტ-92 71149 2025-04-16 71149 ნაჩუქარი 2025-04-16 წიგნი 16 ლ.
          ბათუმის შოთა რუსთაველის სახელმწიფო უნივერსიტეტის მთავარი ბიბლიოთეკა ბათუმის შოთა რუსთაველის სახელმწიფო უნივერსიტეტის მთავარი ბიბლიოთეკა წიგნსაცავი 2025-04-16 16.00 82-93:821.353.1-32(084.1) ტ-92 71150 2025-04-16 71150 ნაჩუქარი 2025-04-16 წიგნი 16 ლ.
          ბათუმის შოთა რუსთაველის სახელმწიფო უნივერსიტეტის მთავარი ბიბლიოთეკა ბათუმის შოთა რუსთაველის სახელმწიფო უნივერსიტეტის მთავარი ბიბლიოთეკა წიგნსაცავი 2025-04-16 16.00 82-93:821.353.1-32(084.1) ტ-92 71151 2025-04-16 71151 ნაჩუქარი 2025-04-16 წიგნი 16 ლ.
          ბათუმის შოთა რუსთაველის სახელმწიფო უნივერსიტეტის მთავარი ბიბლიოთეკა ბათუმის შოთა რუსთაველის სახელმწიფო უნივერსიტეტის მთავარი ბიბლიოთეკა წიგნსაცავი 2025-04-16 16.00 82-93:821.353.1-32(084.1) ტ-92 71152 2025-04-16 71152 ნაჩუქარი 2025-04-16 წიგნი 16 ლ.